000 004370000a22001810004500
003 MACL
005 20151028133426.0
008 151028b xxu||||| |||| 00| 0 eng d
040 _aMACL
_cMACL
041 _aEnglish
082 _a800/NAN
100 _aNandwani, Aditya
_94945
245 _aBacons Essays
260 _bAnmol Publications
_c2009
_aNew Delhi
350 _a250
650 _aLiterature
_917174
942 _cBK
_k800/NAN
_2ddc
999 _c44535
_d44535